书目信息 |
| 题名: |
日本为什么与众不同
|
|
| 作者: | 廉德瑰 著 | |
| 分册: | ||
| 出版信息: | 沈阳 辽宁人民出版社 2016 |
|
| 页数: | 267页 | |
| 开本: | 24cm | |
| 丛书名: | ||
| 单 册: | ||
| 中图分类: | K931.3 | |
| 科图分类: | ||
| 主题词: | ||
| 电子资源: | ||
| ISBN: | 978-7-205-08480-6 | |
| 000 | 00758nam0 22002291 450 | |
| 001 | 0120082230 | |
| 005 | 20170320082230.0 | |
| 010 | @a978-7-205-08480-6@dCNY33.00 | |
| 100 | @a20160217d2016 em y0chiy50 ea | |
| 101 | 0 | @achi |
| 102 | @aCN@b210000 | |
| 105 | @ay z 000yy | |
| 106 | @ar | |
| 200 | 1 | @a日本为什么与众不同@9ri ben wei shen me yu zhong bu tong@f廉德瑰著 |
| 210 | @a沈阳@c辽宁人民出版社@d2016 | |
| 215 | @a267页@d24cm | |
| 330 | @a本书从日本的由来、历史传统、文化特点、战略思考、对华态度等几个方面,通过作者自己在日本16年的经历,试图还原一个真实、客观的日本。 | |
| 607 | @a日本@Ari ben@x概况 | |
| 690 | @aK931.3@v5 | |
| 701 | 0 | @a廉德瑰@9lian de gui@f(1961~)@4著 |
| 801 | 0 | @aCN@bTANGWEI@c20170308 |
| 905 | @b0957243-5@dK931.3@e441@f3 | |
| 日本为什么与众不同/廉德瑰著.-沈阳:辽宁人民出版社,2016 |
| 267页;24cm |
| ISBN 978-7-205-08480-6:CNY33.00 |
| 本书从日本的由来、历史传统、文化特点、战略思考、对华态度等几个方面,通过作者自己在日本16年的经历,试图还原一个真实、客观的日本。 |
| ● |
| 相关链接 |
|
|
|
|
正题名:日本为什么与众不同
索取号:K931.3/441
 
预约/预借
| 序号 | 登录号 | 条形码 | 馆藏地/架位号 | 状态 | 备注 |
| 1 | 0957243 | 209572434 | 第二样本阅览室/ [索取号:K931.3/441] | 在馆 | |
| 2 | 0957244 | 209572443 | 第二借阅区/ [索取号:K931.3/441] | 在馆 | |
| 3 | 0957245 | 209572452 | 第二借阅区/ [索取号:K931.3/441] | 在馆 |